000 00311nam a22001337a 4500
008 170307b xxu||||| |||| 00| 0 eng d
020 _a9780470138045
041 _aeng
080 _212TH
_a611
100 _a6
101 _aSHM
245 _aPRINCIPLES OF ANATOMY AND PHYSIOLOGY
_cTORTORA, G.J
942 _2udc
_cBK
999 _c6972
_d6972